| 000 | 01209cam a2200301 a 4500 | ||
|---|---|---|---|
| 999 |
_c127295 _d127295 |
||
| 001 | 15180633 | ||
| 003 | ARRUPE | ||
| 005 | 20171213090200.0 | ||
| 008 | 080214r20081978inu 000 0 eng | ||
| 010 | _a 2008005832 | ||
| 020 | _a9781587314902 (pbk. : alk. paper) | ||
| 020 | _a1587314908 (pbk. : alk. paper) | ||
| 035 | _a(OCoLC)ocn193902632 | ||
| 035 |
_a(OCoLC)193902632 _z(OCoLC)144522743 |
||
| 040 |
_aDLC _cDLC _dBAKER _dBTCTA _dYDXCP _dC#P _dBWX _dDLC |
||
| 041 | 1 |
_aeng _hfre |
|
| 050 | 0 | 0 |
_aB2430.M253 _bH5813 2008 |
| 082 | 0 | 0 |
_a128 _222 |
| 100 | 1 |
_aMarcel, Gabriel, _d1889-1973. _94472 |
|
| 240 | 1 | 0 |
_aHommes contre l'humain. _lEnglish |
| 245 | 1 | 0 |
_aMan against mass society / _cGabriel Marcel ; translated by G.S. Fraser ; foreword by Donald MacKinnon. |
| 260 |
_aSouth Bend, Ind. : _bSt. Augustine's Press, _c2008. |
||
| 300 |
_a205 p. ; _c23 cm. |
||
| 500 | _aReprint. Originally published: South Bend, Ind. : Gateway Editions, 1978. | ||
| 650 | 0 |
_aHuman beings. _938197 |
|
| 650 | 0 |
_aMass society. _938196 |
|
| 906 |
_a7 _bcbc _corignew _d1 _eecip _f20 _gy-gencatlg |
||
| 942 |
_2lcc _cMONOGRAPH |
||